Effectif Portugal Coupe du Monde 2022 - Statistiques

Statistiques générales
  • Ce quiz a été pris 657 fois
    653 depuis la dernière actualisation
  • Le résultat moyen est 21 sur 27
Statistiques - réponses
POSTE CLUB NUMERO JOUEUR % Correct
ATT (sans club) 7 Cristiano Ronaldo
97%
MIL Manchester City 10 Bernardo Silva
95%
DEF Manchester City 4 Ruben Dias
95%
MIL Manchester United 8 Bruno Fernandes
93%
ATT RB Leipzig 9 André Silva
92%
DEF PSG 19 Nuno Mendes
92%
ATT AC Milan 15 Rafael Leao
92%
DEF SL Benfica 24 Antonio Silva
91%
G AS Roma 1 Rui Patricio
90%
ATT Atlético Madrid 11 Joao Félix
89%
DEF FC Porto 3 Pepe
89%
MIL PSG 16 Vitinha
89%
DEF Manchester City 20 Joao Cancelo
87%
DEF Manchester United 2 Diogo Dalot
82%
DEF Borussia Dortmund 5 Raphaël Guerreiro
81%
DEF/MIL PSG 13 Danilo Pereira
80%
G Wolverhampton 12 José Sa
80%
ATT SL Benfica 26 Gonçalo Ramos
78%
MIL Wolverhampton 18 Ruben Neves
77%
G FC Porto 22 Diogo Costa
76%
MIL Real Betis 14 William Carvalho
69%
COACH - - Fernando Santos
57%
MIL SL Benfica 17 Joao Mario
55%
MIL FC Fulham 6 Joao Palhinha
52%
MIL FC Porto 25 Otavio
50%
ATT SC Braga 21 Ricardo Horta
47%
MIL Wolverhampton 23 Matheus Nunes
46%
Aucun quiz correspondant
Distribution des résultats
% des personnes avec chaque résultat
Percentile par nombre de réponses
Votre historique - résultats
Vous n’avez pas pris ce quiz depuis la dernière actualisation